Lunasterové. Skok nad hvězdami /
Příběh z fantasy série odehrávající se v mystickém světě Lunasterů vzdáleně podobném našemu.
Uloženo v:
| Série: | Lunasterové,
část 1 |
|---|---|
| Hlavní autor: | |
| Další autoři: | |
| Médium: | E-kniha |
| Jazyk: | Czech |
| Vydáno: |
V Praze :
Fragment,
2020
|
| Vydání: | 1. vydání |
| Témata: | |
| Příbuzné jednotky: | Z cyklu::
Lunasterové |
| Tagy: |
Žádné tagy |
| LEADER | 02932nam a2200505 i 4500 | ||
|---|---|---|---|
| 001 | 311159 | ||
| 003 | CZ PrSKC | ||
| 005 | 20260601215700.0 | ||
| 007 | ta | ||
| 008 | 200304s2020 xr a c 000 f cze | ||
| 015 | |a cnb003179221 | ||
| 020 | |a 9788025346297 |q (vázáno) : |c Kč 369,00 | ||
| 035 | |a (OCoLC)1200246169 | ||
| 040 | |a ABG001 |b cze |d ABA001 |e rda | ||
| 041 | 1 | |a cze |h rus | |
| 072 | 7 | |a 821.161.1 |x Ruská literatura, rusky psaná |2 Konspekt | |
| 072 | 7 | |a 821-93 |x Literatura pro děti a mládež (beletrie) |2 Konspekt | |
| 080 | |a 821.161.1-31 |2 MRF | ||
| 080 | |a 821-93 |2 MRF | ||
| 080 | |a (0:82-312.9) |2 MRF | ||
| 100 | 1 | |a Ščerba, Natal‘ja Vasil‘jevna, |d 1981- |7 hka2016931562 |4 aut | |
| 245 | 1 | 0 | |a Lunasterové. |p Skok nad hvězdami / |c Natalja Ščerba ; z ruského originálu ... přeložila Martina Pálušová |
| 246 | 3 | 0 | |a Skok nad hvězdami |
| 250 | |a 1. vydání | ||
| 264 | 1 | |a V Praze : |b Fragment, |c 2020 | |
| 300 | |a 386 stran : |b ilustrace ; |c 23 cm | ||
| 336 | |a text |b txt |2 rdacontent | ||
| 337 | |a bez média |b n |2 rdamedia | ||
| 338 | |a svazek |b nc |2 rdacarrier | ||
| 520 | 2 | |a Příběh z fantasy série odehrávající se v mystickém světě Lunasterů vzdáleně podobném našemu. |b Světu Lunasterů vládnou hrdí a pyšní Lunojasní ovládající magii spojenou se silou Měsíce. Jim podřízený národ Asterů, objevitelů a průzkumníků nových zemí, tajně sní o tom, že jednoho dne nalezne most do Astralisu, pravé domoviny Asterů. Podle proroctví se blíží Velká chvíle, napětí mezi oběma rody roste a schyluje se ke konfliktu. Dívka Celesta je jiná než ostatní z Asterů, má jedinečný dar létání. Její otec ji pošle na prázdniny ke druhé části rodiny, k Lunojasným, aby ji ukryl před pronásledováním, a zároveň jí svěří tajný úkol. Celestu čeká náročný pobyt u příbuzných, které pořádně nezná a kteří jí patrně nebudou ani přátelsky nakloněni. | |
| 521 | 8 | |a Pro čtenáře od 12 let | |
| 655 | 7 | |a rusky psané romány |7 fd227906 |2 czenas | |
| 655 | 7 | |a fantasy romány |7 fd184199 |2 czenas | |
| 655 | 7 | |a publikace pro děti |7 fd133156 |2 czenas | |
| 655 | 9 | |a fiction in Russian |2 eczenas | |
| 655 | 9 | |a fantasy novels |2 eczenas | |
| 655 | 9 | |a children's literature |2 eczenas | |
| 700 | 1 | |a Pálušová, Martina, |d 1982- |7 js20080118009 |4 trl | |
| 787 | 0 | 8 | |i Z cyklu: |t Lunasterové |g 1 |
| 900 | |a ABA001 |b 21 | ||
| 928 | 9 | |a Albatros Media - Fragment | |
| 044 | |a xr | ||
| 910 | |a RBIT002 | ||
| 998 | |d 205555 |a https://core.palmknihy.cz/api/books/205555/cover?q85xfq |b https://core.palmknihy.cz/api/books/205555/cover/400?q85xfq |c https://core.palmknihy.cz/api/books/205555/cover/50?q85xfq |e 2029-12-31 |g 392 |i 9788025346297 |j https://core.palmknihy.cz/api/books/205555/preview.epub |k https://core.palmknihy.cz/api/books/205555/preview.pdf |l |q 49 |r 1 |s https://www.palmknihy.cz/kniha/205555 |t ebook |y 2020 |z 0 |v Lunasterové |w 1 | ||
| 999 | |d 311157 | ||